Royal Names Chain - Statistics

General Stats
  • This quiz has been taken 128 times
  • The average score is 9 of 15
Answer Stats
Hint Answer % Correct
Name of the current Queen of England Elizabeth
99%
Two of Henry 8th's wives had this name Anne
88%
The People's Princess, Mother of Prince William and Harry Diana
87%
Queen of Great Britain, with a very long widowhood Victoria
86%
There have been three English Kings with this name, including a 'Lion Heart' and a Wicked Uncle Richard
85%
The name of the last Tsar of Russia Nicholas
75%
Current Ruler of Monaco Albert
57%
Famous king of Macedon Alexander
56%
Queen Consort of King Edward 7th of Great Britain Alexandra
56%
King of England from 1035 to 1040 Harold
54%
2nd daughter of the last Russian Tsar Tatiana
43%
King of Norway from 1957 to 1991 Olav
42%
A Scottish King, succeeded by Macbeth Duncan
41%
Current Emperor of Japan Akihito
26%
The current Queen consort of Norway Sonja
24%
No matching quizzes found
Score Distribution
Percent of People with Each Score
Percentile by Number Answered
Your Score History
You have not taken this quiz